| 000 | 00959nam a22001697a 4500 | ||
|---|---|---|---|
| 008 | 190806b xxu||||| |||| 00| 0 eng d | ||
| 020 | _a077480226x | ||
| 050 | _aHV105.G83(2e) | ||
| 100 | _aGuest Dennis | ||
| 245 |
_aThe emergence of social security in Canada. / _cDennis Guest. |
||
| 250 | _a2nd ed. | ||
| 260 |
_aVancouver : _bUBC Press, _c1994. |
||
| 300 |
_axi, 303 p. : _bill. ; _c23 cm. |
||
| 500 | _aIncludes index. | ||
| 505 | _aContents:The emergence of social security in Canada: major themes -- The colonial inheritance -- Saving for a rainy day: social security in late nineteenth century and early twentieth century Canada -- The first stage of the modern era: workman's compensation in Ontario -- The social impact of world war one -- The 1950's: our conversation decade -- The 1960's: filling the gaps -- Stemming a residual tide -- Unfinished business: the security review of 1973 to 1976 -- Social security in the 1980's | ||
| 942 |
_2lcc _cBK |
||
| 999 |
_c6858 _d14358 |
||